000 00325nam a22001453 4500
001 205809
005 20240401090443.0
090 _a205809
100 _a20240401 ukry50
101 _aukr
102 _aUA
200 _a
210 _d2023
801 _2unimarc
_aUA
_gpsbo
942 _cJOURNAL